000 00476nam a22001697a 4500
005 20251108164730.0
008 250721s1984 xx 000 0 ara d
082 1 4 _a615.1/ملص
100 1 _aملص، سحر
245 1 0 _aعلم العقاقير :
_bالنباتات الطبية /
264 1 _aعمان :
_bاليازوري،
_c1984.
300 _a199ص : إيض.
650 1 7 _aعلم الصيدلة
650 1 7 _aالأدوية
942 _2ddc
_cBK
999 _c12967
_d12967